Rīga
| Titel: | Rīga : Pilsētas plāns = City plan = Stadtplan = Plan goroda |
|---|---|
| darin enthalten: | Centra plāns = Centre map = Karte des Zentrums = Plan centra 1:10 000 |
| Maßstab: | 1:20 000 |
| Veröffentlicht: | Rīga : Karšu Izdevniecība Jāņa Sēta, 2016 |
| Umfang: | 2 Karten auf Vorder- und Rückseite : farbig ; auf Blatt 70 x 100 cm, gefaltet 23 x 11 cm |
| Format: | Karte |
| Sprache: | Lettisch; Englisch; Deutsch; Russisch |
| ISBN: | 9789984074344 |
alg: 43298775 001A $03004:26-06-18 001B $03004:08-07-21 $t09:04:45.000 001C $03004:26-06-18 $t15:49:57.000 001D $03004:26-06-18 001U $0utf8 001X $00 002@ $0Kau 002C $akartografisches Bild $bcri $2rdacontent 002D $aohne Hilfsmittel zu benutzen $bn $2rdamedia 002E $aBlatt $bnb $2rdacarrier 003@ $0432987754 003O $01041934094 $aOCoLC 004A $A978-9984-07-434-4 007A $0432987754 $aHEB 010@ $alav $aeng $ager $arus 010E $erda 011@ $a2016 $n2016 013D $RKarte $#Ortsplan $#Stadtatlas $#Stadtpläne $74129845-7 $8Stadtplan [Ts1] $9085456683 021A $aRīga $dPilsētas plāns $fCity plan $fStadtplan $fPlan goroda 021M $aCentra plāns $fCentre map $fKarte des Zentrums $fPlan centra 1:10 000 033A $pRīga $nKaršu Izdevniecība Jāņa Sēta 034D $a2 Karten auf Vorder- und Rückseite 034I $aauf Blatt 70 x 100 cm, gefaltet 23 x 11 cm 034M $afarbig 035E $a1:20 000 037A $aMit 2 Nebenkarten und Straßenverzeichnis 037H $Aacx $dE 023 58 49 $eE 024 18 05 $fN 057 05 12 $gN 056 53 16 044K $#Riga $#Rīga $#Ryga $#Riega $#Riga in Lieffland $#Rigae Livonum $#Rygae $#Righa $74050042-1 $8Riga [Tg1] $9085139726 046L $aLegende in lettischer, englischer, deutscher und russischer Sprache lok: 43298775 24 exp: 43298775 24 1 #EPN 201B/01 $026-06-18 $t15:49:03.000 201C/01 $026-06-18 201U/01 $0utf8 203@/01 $01023858304 208@/01 $a26-06-18 $bz 209A/01 $aK 46 VIII R 37 $dd $f050 $hK 46 8 R 37 $x00 209C/01 $aK 2018.00236 K $h18 00236 K 220C/01 $awit 247C/01 $8358050-7Marburg, Bibliothek des Herder-Instituts Marburg $9102600961
| LEADER | 00000cem a2200000 c 4500 | ||
|---|---|---|---|
| 001 | 432987754 | ||
| 003 | DE-603 | ||
| 005 | 20210708090445.0 | ||
| 007 | a||||||| | ||
| 008 | 180626s2016 xx |||||| a || | ||lav c | ||
| 020 | |a 9789984074344 | ||
| 034 | 0 | |a a |9 A:acx |d E 023 58 49 |e E 024 18 05 |f N 057 05 12 |g N 056 53 16 | |
| 035 | |a (DE-599)HEB432987754 | ||
| 035 | |a (OCoLC)1041934094 | ||
| 040 | |a DE-603 |b ger |c DE-603 |d DE-603 |e rda | ||
| 041 | |a lav |a eng |a ger |a rus | ||
| 245 | 0 | 0 | |a Rīga |b Pilsētas plāns = City plan = Stadtplan = Plan goroda |
| 249 | |a Centra plāns = Centre map = Karte des Zentrums = Plan centra 1:10 000 | ||
| 255 | |a 1:20 000 | ||
| 264 | 1 | |a Rīga |b Karšu Izdevniecība Jāņa Sēta |c 2016 | |
| 300 | |a 2 Karten auf Vorder- und Rückseite |b farbig |c auf Blatt 70 x 100 cm, gefaltet 23 x 11 cm | ||
| 336 | |a kartografisches Bild |b cri |2 rdacontent | ||
| 337 | |a ohne Hilfsmittel zu benutzen |b n |2 rdamedia | ||
| 338 | |a Blatt |b nb |2 rdacarrier | ||
| 500 | |a Mit 2 Nebenkarten und Straßenverzeichnis | ||
| 546 | |a Legende in lettischer, englischer, deutscher und russischer Sprache | ||
| 651 | 7 | |a Riga |0 (DE-588)4050042-1 |0 (DE-603)085139726 |2 gnd | |
| 655 | 7 | |a Stadtplan |2 gnd-content |0 (DE-588)4129845-7 |0 (DE-603)085456683 | |
| 924 | 0 | |9 Mb 50 |a (DE-603)1023858304 |b DE-Mb50 |c HES |d d |g K 46 VIII R 37 | |


